Normal view
MARC view
Entry Personal Name
001 - CONTROL NUMBER
- control field: 50769
003 - CONTROL NUMBER IDENTIFIER
- control field: OSt
005 - DATE AND TIME OF LATEST TRANSACTION
- control field: 20250220154237.0
008 - FIXED-LENGTH DATA ELEMENTS
- fixed length control field: 250220|| aca||aabn | a|a d
040 ## - CATALOGING SOURCE
- Original cataloging agency: OSt
- Transcribing agency: OSt
100 ## - HEADING--PERSONAL NAME
- Personal name: Elharathi, Milad
670 ## - SOURCE DATA FOUND
- Source citation: Work cat.: (OSt): Elharathi, Milad , Nation’s 2011 international in Libya and its impact
